000 00288nam a22001337a 4500
008 170307b xxu||||| |||| 00| 0 eng d
020 _a9780072899177
041 _aeng
080 _25TH
_a611
100 _a6
101 _aSHM
245 _aANATOMY & PHYSIOLOGY
_cSEELEY
942 _2udc
_cBK
999 _c7021
_d7021